QUEST Central Library Banner

Islamyat (Record no. 13019)

MARC details
000 -LEADER
fixed length control field 00242nam a2200109 4500
082 ## - DEWEY DECIMAL CLASSIFICATION NUMBER
Classification number 297AHM
100 ## - MAIN ENTRY--AUTHOR NAME
Personal name Hafiz Ahmedyar
245 ## - TITLE STATEMENT
Title Islamyat
260 ## - PUBLICATION, DISTRIBUTION, ETC. (IMPRINT)
Place of publication Islamabad:
Name of publisher Allama Iqbal Open Univeristy,
Year of publication 1981.
300 ## - PHYSICAL DESCRIPTION
Number of Pages 263p. ;
942 ## - ADDED ENTRY ELEMENTS (KOHA)
Koha item type Books
Holdings
Withdrawn status Lost status Home library Current library Date acquired Cost, normal purchase price Full call number Accession Number Koha item type
    Book Bank Section Book Bank Section 12/02/2020 12.00 297AHM B1566 Books
    Book Bank Section Book Bank Section 12/02/2020 12.00 297AHM B1567 Books
    Book Bank Section Book Bank Section 12/02/2020 12.00 297AHM B1568 Books
    Book Bank Section Book Bank Section 12/02/2020 12.00 297AHM B1569 Books
    Book Bank Section Book Bank Section 12/02/2020 12.00 297AHM B1570 Books
    Book Bank Section Book Bank Section 12/02/2020 12.00 297AHM B1571 Books
    Book Bank Section Book Bank Section 12/02/2020 12.00 297AHM B1572 Books
  Lost and Paid For Book Bank Section Book Bank Section 12/02/2020 12.00 297AHM B1573 Books
  Lost and Paid For Book Bank Section Book Bank Section 12/02/2020 12.00 297AHM B1574 Books
    Book Bank Section Central Library, QUEST, Nawabshah 12/02/2020 12.00 297AHM B1575 Books

Copyright © 2018,The QUEST, Nawabshah, Shaheed Benazirabad. All rights reserved
Mr. G. Farooq Channar (Librarian) QUEST, Nawabshah, Sindh, Pakistan 67480.
 Ph#: |   0244-9370381-4 Ext. 2308   Email| lib@quest.edu.pk   Web|  http://www.quest.edu.pk